<?xml version="1.0" encoding="UTF-8"?>
<collection xmlns="http://www.loc.gov/MARC21/slim">
 <record>
  <leader>00531cam a2200157 7i4500</leader>
  <controlfield tag="001">0000007660</controlfield>
  <controlfield tag="005">20070422090000.0</controlfield>
  <datafield tag="020" ind1="0" ind2="0">
   <subfield code="a">0805345604 (hbk.) </subfield>
  </datafield>
  <datafield tag="090" ind1="0" ind2="0">
   <subfield code="a">QD 453.2 </subfield>
   <subfield code="b">M6</subfield>
  </datafield>
  <datafield tag="100" ind1="1" ind2="0">
   <subfield code="a">Mortimer </subfield>
  </datafield>
  <datafield tag="245" ind1="1" ind2="0">
   <subfield code="a">Physical chemistry  </subfield>
   <subfield code="c">Robert G. Mortimer.</subfield>
  </datafield>
  <datafield tag="260" ind1="0" ind2="0">
   <subfield code="a">Redwood City, Calif.: </subfield>
   <subfield code="b">Benjamin/Cummings Pub. Co., </subfield>
   <subfield code="c">1993.</subfield>
  </datafield>
  <datafield tag="300" ind1="#" ind2="#">
   <subfield code="a">1014, 84 p.: </subfield>
   <subfield code="b">ill.; </subfield>
   <subfield code="c">26 cm..</subfield>
  </datafield>
  <datafield tag="490" ind1="0" ind2="0">
   <subfield code="a">The Benjamin/Cummings series in the life sciences</subfield>
  </datafield>
  <datafield tag="650" ind1="0" ind2="0">
   <subfield code="a">Chemistry, Physical and theoretical </subfield>
  </datafield>
  <datafield tag="999" ind1=" " ind2=" ">
   <subfield code="a">1000398286</subfield>
   <subfield code="b">Book</subfield>
   <subfield code="c">Open Shelf</subfield>
   <subfield code="e">KOLEKSI TERBUKA</subfield>
  </datafield>
 </record>
</collection>
